000 00568nam a22001817a 4500
005 20251108165505.0
008 250721s9999 xx 000 0 ara d
082 1 4 _aم/216.3/تيم
100 1 _aإبن تيميه، تقي الدين أبو العباس أحمد
245 1 0 _aالعقود /
264 1 _aالقاهره :
_bمكتبة السنه المحمديه،
_c[19-].
300 _a250ص
650 1 7 _aالإسلام
650 1 7 _aالفقه الإسلامي
650 1 7 _aالمعاملات (فقه إسلامي)
942 _2ddc
_cREF
999 _c29151
_d29151